000 00578nam a2200193 a 4500
003 PILC
005 20150112093437.0
008 100720s19uu xx 00 eng d
020 _a0534932886
050 _aHF 1416
_b.J35 1993
082 _aMkSF 658.848
_bJ19 1993
100 _aJain, Subash C.
_916465
245 _aInternational marketing management /
_cJain C. Subhash
250 _a4th ed.
260 _aBalmont, California :
_bWadsworth Publishinh Company,
_c1993.
300 _a912 pages :
_c28 cm.
650 _aExport marketing - Management
_916355
942 _2lcc
_cBK
999 _c14596
_d14596